Mots croisés - Jeux Vidéo - Statistiques

Statistiques générales
  • Ce quiz a été pris 837 fois
  • Le résultat moyen est 25 sur 29
Statistiques - réponses
Définitions Réponses % Correct
Série de jeux de simulation de football reprenant les équipes et compétitions officielles FIFA
95%
Jeu de tir avec, entre autres, un mode "Battle Royale" dans lequel jusqu'à 100 joueurs s'affrontent pour être le dernier survivant Fortnite
95%
Série de jeux de course dont le but est de terminer la course en première position, en utilisant des objets (carapaces, étoiles, champignons…) destinés à ralentir ses adversaires, se protéger ou aller plus vite Mario Kart
95%
Jeu vidéo où l’on reproduit des chorégraphies plus ou moins complexes au rythme de musiques entraînantes Just Dance
94%
Série de jeux vidéo où l’on explore librement de grandes villes fictives américaines, en incarnant un criminel (Michael De Santa, Trevor Philips, Franklin Clinton…) devant accomplir des missions diverses et variées Grand Theft Auto
93%
Jeu de puzzle en 2D où l’on empile des pièces de différentes formes géométriques, en les déplaçant et tournant de manière à créer des lignes complètes Tetris
92%
Jeu d’arcade où l’on contrôle un personnage jaune en forme de camembert qui doit ramasser les pastilles d'un labyrinthe, tout en évitant d'être touché par des fantômes Pac-Man
91%
Série de jeux vidéo où l’on incarne un Dresseur qui capture, entraîne et fait évoluer des créatures afin de former une équipe puissante et peut-être devenir champion d'Arène Pokémon
91%
Jeu multijoueur, de type "Loup Garou", où les membres d'équipage d'un vaisseau spatial doivent démasquer les imposteurs qui se sont infiltrés parmi eux, tout en accomplissant diverses tâches Among Us
90%
Série de jeux de tir à la première personne se déroulant lors de conflits historiques réels (tels que la Seconde Guerre Mondiale) ou fictifs Call of Duty
90%
Jeu mobile où l’on doit aligner trois bonbons identiques (ou plus) pour les éliminer, ou créer de puissantes combinaisons spéciales Candy Crush
90%
Série de jeux de plateformes où l'on incarne un hérisson bleu capable de courir à une vitesse supersonique et de se recroqueviller pour attaquer ses ennemis Sonic
90%
Série de jeux d’aventure où l’on incarne un héros chargé de libérer le royaume d'Hyrule, ainsi que sa princesse, des mains du Seigneur du Mal Zelda
90%
Jeu de type aventure "bac à sable" dans lequel on progresse dans un monde 3D composé de créatures et de blocs que l'on peut détruire, placer ou transformer pour modifier son monde à volonté Minecraft
89%
Jeu de football automobile, où deux équipes s'affrontent au football à l'aide de voitures propulsées par des fusées Rocket League
89%
Jeu d’action-aventure mettant en scène Lara, une archéologue et aventurière explorant des ruines anciennes et des tombeaux à la recherche d'un artefact légendaire Tomb Raider
89%
Jeu de tir coloré, où deux équipes de quatre joueurs s'affrontent pour recouvrir le plus de surface possible avec leur propre peinture Splatoon
87%
Jeu de stratégie de type "MOBA", où deux équipes de cinq champions s’affrontent en temps réel pour détruire la base adverse (tout en défendant la sienne) League of Legends
84%
Jeu mobile de stratégie en temps réel dont le but est de construire un village fortifié et de former des troupes pour attaquer d'autres villages Clash of Clans
83%
Série de jeux de combat en 1v1, où l'on incarne un combattant emblématique (tel que Ryu ou Ken Masters) Street Fighter
83%
Jeu de tir tactique en 5v5 mêlant armes à feu et pouvoirs spéciaux, où l'on incarne un agent (Reyna, Jett, Cypher…) aux compétences uniques Valorant
83%
Jeu de courses d'obstacles de type "Battle Royale", où l'on contrôle un haricot (bean) et où l'on participe à une série de mini-jeux délirants avec un seul but : remporter la couronne Fall Guys
82%
Série de jeux de simulation de vie, où l'on emménage dans un paisible village (ou sur une île déserte) peuplé d’animaux anthropomorphes Animal Crossing
81%
Plateforme de jeux en ligne, très populaire chez les jeunes, permettant aux utilisateurs de jouer aux jeux d'autres utilisateurs ou d'en créer soi-même Roblox
80%
Jeu d'action-RPG en monde ouvert, parsemé de donjons et de boss titanesques tels que Malenia ou Maliketh Elden Ring
76%
Jeu d'action-aventure suivant un chasseur de trésor, Nathan Drake, voyageant à travers le monde à la recherche de vieux trésors et de mystères à déchiffrer Uncharted
76%
RPG futuriste se déroulant au sein d'une mégalopole dystopique dominée par de puissantes corporations, marquée par les progrès technologiques et les inégalités sociales Cyberpunk
74%
Série de jeux survival-horror mettant notamment en scène l'équipe Alpha des S.T.A.R.S. (Chris Redfield, Jill Valentine…) chargés d'enquêter à Raccoon City, théâtre d'étranges disparitions Resident Evil
71%
Jeu vidéo mystère Rayman
49%
Aucun quiz correspondant
Distribution des résultats
% des personnes avec chaque résultat
Percentile par nombre de réponses
Votre historique - résultats
Vous n’avez pas pris ce quiz